000 00425nam a2200181Ia 4500
001 15764
005 20260306170220.0
008 260306t2002||||xx |||||||||||||| ||und||
041 _aESP
082 _a620.0011
_bR72
100 _aRoca Cusidó, Alfred
_eAUT
245 0 _aControl de procesos
260 _c2002
300 _axix, 606 páginas :
_c26 cm.
650 _aGEN
654 _aCII
942 _cLIB
_dJUS
_fJUS
_2ddc
_n
999 _c15764
_d15764